000 01043nas a2200337 4500
001 BR2015006069
003 BR-BrBNA
005 20231205125842.0
007 ta
008 230509b bl.|||p| |||| 00| 00por d
040 _aBR-BrBNA
_bpor
_cBiblioteca Nacional de Agricultura
041 _a(Pt)
072 _aF01
100 1 _aGonçalves, D.R.
100 1 _aBenett, K.S.S.
100 1 _aBenett, C.G.S.
100 1 _aNagel, P.L.
100 1 _aCosta, E.
245 1 _aComposição de substratos para produção de mudas de pimenta malagueta em cultivo protegido
650 _aPIMENTA MALAGUETA
650 _aSUBSTRATO DE CULTURA
650 _aMUDA
650 _aCULTIVO PROTEGIDO
650 _aSISTEMA DE CULTIVO
650 _aHUMUS
650 _aMINHOCA
773 0 _tRevista Agrotecnologia (Brazil)
_xISSN 2179-5959
_g(2014), v. 5(1) p. 17-32
_wBR2015006069
856 4 0 _uhttp://www.revista.ueg.br/index.php/agrotecnologia/article/viewFile/1592/pdf
909 _a202311
_bLúcia
_c55
_dLúcia Elande
942 _2AGRIS
_n0
_cANA
999 _c246517
_d246517